Statistics for U.S. Senators from Alabama

Click here to take the quiz!

General Stats

  • This quiz has been taken 9 times
    (7 since last reset)
  • The average score is 8 of 46

Answer Stats

ClassTermSenator% Correct
Class 3Jan 1987 - NowRichard Shelby
83%
Class 2Jan 2018 - Jan 2021Doug Jones
67%
Class 2Jan 1979 - Jan 1997Howell Heflin
50%
Class 2Nov 1920 - Mar 1931James Heflin
50%
Class 2Jan 1997 - Feb 2017Jeff Sessions
50%
Class 2Feb 2017 - Jan 2018Luther Strange
50%
Class 3Nov 1978 - Jan 1981Donald Stewart
33%
Class 3Mar 1927 - Aug 1937Hugo Black
33%
Class 3Jan 1969 - Jun 1978James Allen
33%
Class 3Jan 1981 - Jan 1987Jeremiah Denton
33%
Class 3Jun 1978 - Nov 1978Maryon Allen
33%
Class 2Jan 2021 - NowTommy Tuberville
33%
Class 3Jul 1848 - Dec 1852William King
33%
Class 2Dec 1819 - Apr 1844William King
33%
Class 3Aug 1937 - Jan 1938Dixie Graves
17%
Class 2Apr 1844 - Oct 1848Dixon Lewis
17%
Class 3Mar 1897 - Jul 1907Edmund Pettus
17%
Class 3May 1914 - Mar 1915Francis White
17%
Class 3Mar 1825 - Jan 1826Henry Chambers
17%
Class 2Jun 1907 - Mar 1920John Bankhead
17%
Class 2Mar 1877 - Jun 1907John Morgan
17%
Class 2Nov 1946 - Jan 1979John Sparkman
17%
Class 3Jan 1938 - Jan 1969Joseph Hill
17%
Class 3Aug 1907 - Aug 1913Joseph Johnston
17%
Class 3Mar 1915 - Mar 1927Oscar Underwood
17%
Class 3Nov 1841 - Jun 1848Arthur Bagby
0%
Class 2Mar 1920 - Nov 1920B. B. Comer
0%
Class 3Jan 1853 - Jan 1861Benjamin Fitzpatrick
0%
Class 2Nov 1848 - Nov 1849Benjamin Fitzpatrick
0%
Class 2Nov 1853 - Jan 1861Clement Claiborne Clay
0%
Class 3Jun 1837 - Nov 1841Clement Comer Clay
0%
Class 3Mar 1831 - Mar 1837Gabriel Moore
0%
Class 2Mar 1871 - Mar 1877George Goldthwaite
0%
Class 3Mar 1879 - Dec 1879George Houston
0%
Class 3Jul 1868 - Mar 1879George Spencer
0%
Class 2Jun 1946 - Nov 1946George Swift
0%
Class 3Feb 1826 - Nov 1826Israel Pickens
0%
Class 3Nov 1880 - Mar 1897James Pugh
0%
Class 2Nov 1849 - March 1853Jeremiah Clemens
0%
Class 2Mar 1931 - Jun 1946John Bankhead ll
0%
Class 3Mar 1837 - Apr 1837John McKinley
0%
Class 3Nov 1826 - Mar 1831John McKinley
0%
Class 3Dec 1819 - Dec 1822John Walker
0%
Class 3Jan 1880 - Nov 1880Luke Pryor
0%
Class 2Jul 1868 - Mar 1871Willard Warner
0%
Class 3Dec 1822 - Mar 1825William Kelly
0%

Score Distribution

Percentile by Number Answered

Percent of People with Each Score

Your Score History

You have not taken this quiz since the last reset